Report April 1980 to March 1981 (Record no. 85786)

MARC details
000 -LEADER
fixed length control field 00508cam a2200193 4500
001 - CONTROL NUMBER
control field D6715
008 - FIXED-LENGTH DATA ELEMENTS--GENERAL INFORMATION
fixed length control field 090401t1981 xxu||||| |||| 00| 0 eng d
035 ## - SYSTEM CONTROL NUMBER
System control number (Sirsi) u2587
041 ## - LANGUAGE CODE
Language code of text/sound track or separate title eng
050 ## - LIBRARY OF CONGRESS CALL NUMBER
Classification number 381.41
110 ## - MAIN ENTRY--CORPORATE NAME
Corporate name or jurisdiction name as entry element Livestock Auctioneers' Market Committee for England and Wales
245 ## - TITLE STATEMENT
Title Report April 1980 to March 1981
260 ## - PUBLICATION, DISTRIBUTION, ETC.
Place of publication, distribution, etc. Basingstoke, Hants
Name of publisher, distributor, etc. RICS
Date of publication, distribution, etc. 1981
300 ## - PHYSICAL DESCRIPTION
Extent 13p. 21cm
350 ## - PRICE (NR) (BK AM CF MU VM SE) [OBSOLETE]
Price 0
520 ## - SUMMARY, ETC.
Summary, etc. Filed at 1981/47A A - Archives
942 ## - ADDED ENTRY ELEMENTS (KOHA)
Suppress in OPAC 0
948 ## - LOCAL PROCESSING INFORMATION (OCLC); SERIES PART DESIGNATOR (RLIN)
c (OCLC) 04/03/1997
Holdings
Withdrawn status Lost status Source of classification or shelving scheme Damaged status Not for loan Home library Current library Shelving location Date acquired Total Checkouts Full call number Barcode Date last seen Copy number Price effective from Koha item type
    Dewey Decimal Classification     Historic collection Historic collection RICS Boxes 22/08/1991   RICS 1981/47 30027939 06/08/2019 1 06/08/2019 Archive
    Dewey Decimal Classification     London London RICS Boxes 15/04/2005   RICS 1981/47 30070535 06/08/2019 2 06/08/2019 Reference material